Top 10 des animaux les plus mignons au monde - Statistiques

Statistiques générales
  • Ce quiz a été pris 46 fois
  • Le résultat moyen est 2 sur 10
Statistiques - réponses
Hint Réponse % Correct
9 Koala
71%
1 Panda roux
61%
4 Paresseux
21%
3 Fennec
13%
2 Axolotl
11%
10 Loutre de mer
8%
5 Bébé phoque
5%
6 Lapin angora
3%
8 Bébé herisson
0%
7 Shiba inu
0%
Aucun quiz correspondant
Distribution des résultats
% des personnes avec chaque résultat
Percentile par nombre de réponses
Votre historique - résultats
Vous n’avez pas pris ce quiz